000 00481nam a22001697a 4500
005 20260114101104.0
008 260114b |||||||| |||| 00| 0 eng d
020 _a978-1-5438-0438-6
100 _a ALLEN, RONALD JAY
245 _aCRIMINAL PROCEDURE
_bADJUDICATION AND RIGHT TO COUNSEL
250 _a3RD ED
260 _aNEW YORK
_bWOLTERS KLUWER
_c2020
300 _aXXV, 1755P.
500 _aINCLUDES INDEX
650 _aCRIMINAL PROCEDURE- UNITED STATES
942 _2lcc
_cBK
999 _c216455
_d216455